000 00307nam a22001337a 4500
008 170712b xxu||||| |||| 00| 0 eng d
020 _a9780028637341
041 _aeng
080 _a038
100 _a23
101 _aFJA
245 _aWEBSTER'S NEW WORLD/ MEDICAL DICTIONARY
_cWALTZ, M
942 _2udc
_cBK
999 _c20309
_d20309